000 00663nam a2200253 i 4500
001 C2-0283797
003 PPAK
005 20180728013754.0
008 071122s2005 my a|||| ||||| | may d
020 _a9838475610 ; 9789838475617
040 _aPPAK
_beng
_cPPAK
_erda
082 0 4 _a796
_223
090 0 0 _a796
_bSOF
_dK
245 0 0 _aSofbol
264 1 _aKepong, Selangor :
_bBuku Must ,
_c2005
300 _a68 pages :
_billustrations ;
_c22 cm
336 _2rdacontent
_atext
337 _2rdamedia
_aunmediated
338 _2rdacarrier
_avolume
490 1 _aSiri kegiatan sukan
650 1 0 _aSport.
830 0 _aSiri kegiatan sukan
942 _ddc
_cB
999 _c89813
_d89813